| 000 | 00583nam a2200205Ia 4500 | ||
|---|---|---|---|
| 003 | GCL | ||
| 008 | 140319s9999 xx 000 0 ara d | ||
| 040 |
_aGCL / _cGCL |
||
| 082 | 0 | 4 |
_a001.94 _bم ل |
| 100 | 1 | _aمحمد رفعت | |
| 245 | 1 | 0 |
_aلغز مثلث برمودا / _cمحمد رفعت |
| 250 | _aالاولى | ||
| 260 |
_aبيروت : _bدار البحار ، _c1994 |
||
| 300 |
_a136 ص ؛ _c24 سم |
||
| 650 | 0 | 4 | _aالخرافات |
| 650 | 0 | 4 | _aالقصص الخرافية |
| 650 | 0 | 4 | _aخوارق الطبيعة |
| 650 | 0 | 4 | _aالاساطير |
| 942 |
_2ddc _cBK |
||
| 999 |
_c4972 _d4972 |
||